| 000 | 01421nam a2200289Ia 4500 | ||
|---|---|---|---|
| 999 |
_c36827 _d36827 |
||
| 001 | 2770 | ||
| 003 | GE_BSU | ||
| 005 | 20221228140553.0 | ||
| 008 | 181216s2012||||ge |||||||||||||| ||geo|| | ||
| 020 | _a9789941042393 | ||
| 040 | _cGE_BSU | ||
| 041 | _ageo | ||
| 080 | _a34(094.1) ბ-50 | ||
| 100 |
_aბეჟაშვილი, ლევან _99309 |
||
| 245 |
_aსაკანონმდებლო ტექნიკა : _bსამართალშემოქმედების მეთოდ. სახელმძღვ. / _cლევან ბეჟაშვილი ; [სარედ. ჯგ.: ნატო ზაალიშვილი [და სხვ.]]. |
||
| 264 |
_aთბილისი : _bსეზანი, _c. |
||
| 300 |
_a332 გვ.; _b24 სმ. |
||
| 504 | _aბიბლიოგრ. ტექსტ. შენიშვნ. | ||
| 541 | _h10ლ.10თ | ||
| 653 | _aსაკანონმდებლო ტექნიკა | ||
| 653 | _aსამართალშემოქმედება | ||
| 700 |
_aზაალიშვილი, ნატო _eრედაქტორი _916610 |
||
| 700 |
_aჩხაიძე, თამარ _eრედაქტორი _977 |
||
| 700 |
_aმელუა, ირენა _eრედაქტორი _99311 |
||
| 700 |
_aბერიძე, თამარ _eრედაქტორი _99312 |
||
| 942 |
_cBK _2udc |
||